| 000 | 00715nam a2200217 a 4500 | ||
|---|---|---|---|
| 001 | 000040326 | ||
| 005 | 20201002034047.0 | ||
| 008 | 130821s2005 mx 000 0 spa d | ||
| 020 | _a9703223913 | ||
| 040 |
_aDO-SdBNP _bspa _cBNPHU |
||
| 100 | 1 |
_aGuzmán, Matín Luis _966620 |
|
| 245 | 1 | 3 |
_aKinchil / _cMartín Luis Guzmán ; viñetas de Alfredo Zalce. |
| 260 |
_aMéxico : _bUniversidad Nacional Autónoma de México, _c2005. |
||
| 300 |
_a34 p. ; _c22 cm. |
||
| 490 | 1 |
_aLunes _v25 |
|
| 500 | _aIncluye datos biográficos del autor p. 3 | ||
| 533 |
_aFacsímil: _bMéxico _d1946 |
||
| 700 | 1 |
_aZalce, Alfredo _966621 |
|
| 710 | 0 |
_aUniversidad Nacional Autónoma de México _942447 |
|
| 830 | 0 |
_aLunes _v25 _966616 |
|
| 999 |
_c39816 _d39816 |
||